La Barcelona de Gaudi (Record no. 2350)

MARC details
000 -Etiqueta do registo
Campo de controlo de comprimento fixo 00347 a2200145 4500
020 ## - ISBN (NÚMERO DE LIVRO PADRÃO INTERNACIONAL)
ISBN 84-7306-682-0
040 ## - Fonte de Catalogação
Agência de catalogação Biblioteca de Posgraduação- Universidade Lusíada de Angola
082 ## - DEWEY DECIMAL CLASSIFICATION NUMBER
Número de classificação 72
Classificador- CDU 72
100 ## - Nome Pessoal
9 (RLIN) 1178
Autor CASAS ,Nurias ;MATEUS,Lourdes
245 ## - Declaração de Título
Título La Barcelona de Gaudi
260 ## - Publicação e Destribuíção
Local de edição/distribuição Barcelona .
Editor/distribuidor Portic Guies
Data de edição/distribuição 2001.
300 ## - Descrição Física
Nº Pág. 143p
650 ## - MATERIA
MATERIA Arquitectura
942 ## - - Elementos de entrada adicionados (koha)
Tipo de documento Livros
Holdings
Withdrawn status Lost status Source of classification or shelving scheme Damaged status Not for loan Permanent Location Current Location Date acquired Inventory number Total Checkouts Full call number Barcode Date last seen Price effective from Koha item type
    Dewey Decimal Classification     Biblioteca Geral- Universidade Lusíada de Angola Biblioteca Geral- Universidade Lusíada de Angola 08/06/2026 14(1)   72 2026-0206 08/06/2026 08/06/2026 Livros